000 00518pab a2200193 454500
008 180718b2010 xxu||||| |||| 00| 0 eng d
100 _aSah, D.C.
245 _aclimate change and Indian agriculture: a review of evidence and its implications
260 _c2010
300 _ap.95-110.
362 _aJun
650 _aAgriculture - India
650 _aClimatic change - India
650 _aClimatic change
700 _aTomar, Shubhra Singh
773 _aMan and Development
908 _aN
909 _a87211
999 _c87211
_d87211